| 000 | 01091nam a2200361 c 4500 | ||
|---|---|---|---|
| 001 | 22533 | ||
| 003 | ES-MaCES | ||
| 005 | 20141221122807.0 | ||
| 008 | 091014s2009 sp t 000 | spa d | ||
| 017 |
_aB 27313-2009 _bDL |
||
| 020 | _a9788497905022 | ||
| 035 | _aCES20090010449m | ||
| 040 |
_aES-MaCES _bspa _cES-MaCES |
||
| 100 | 1 |
_aPoyatos i Matas, Glòria _921321 |
|
| 245 | 1 | 3 |
_aLa prostitución como trabajo autónomo _cGloria Poyatos i Matas |
| 250 | _a1ª ed | ||
| 260 |
_aBarcelona _bBosch _c2009 |
||
| 300 |
_a138 p. _c22 cm |
||
| 504 | _aBibliografía: p. 135-138 | ||
| 541 | _cCompra | ||
| 650 | 4 |
_aprostitución _927051 |
|
| 650 | 4 |
_atrabajador independiente _928412 |
|
| 650 | 4 |
_atrabajo a cuenta propia _930170 |
|
| 650 | 4 |
_aderechos de los trabajadores _929924 |
|
| 650 | 4 |
_aprotección social _929076 |
|
| 650 | 4 |
_acódigo penal _930032 |
|
| 650 | 4 |
_arégimen jurídico _929894 |
|
| 650 | 4 |
_aEspaña _926964 |
|
| 653 | 1 | 0 | _aRelaciones laborales-Empleo |
| 902 | _aLIB Libro | ||
| 942 |
_2CES _cBK _h2.0. |
||
| 999 |
_c22533 _d22533 |
||